<?xml version="1.0" encoding="UTF-8"?>
<record
    xmlns:xsi="http://www.w3.org/2001/XMLSchema-instance"
    xsi:schemaLocation="http://www.loc.gov/MARC21/slim http://www.loc.gov/standards/marcxml/schema/MARC21slim.xsd"
    xmlns="http://www.loc.gov/MARC21/slim">

  <leader>00935nam a2200229 i 4500</leader>
  <controlfield tag="001">42033</controlfield>
  <controlfield tag="003">ES-MaACL</controlfield>
  <controlfield tag="005">20251116063053.0</controlfield>
  <controlfield tag="007">t|</controlfield>
  <controlfield tag="008">030312s1945    sp bf        |||| | spa d</controlfield>
  <datafield tag="100" ind1="1" ind2=" ">
    <subfield code="a">Casas Torres, Jos&#xE9; Manuel, </subfield>
    <subfield code="d">1916-2010</subfield>
    <subfield code="9">36236</subfield>
  </datafield>
  <datafield tag="245" ind1="1" ind2="3">
    <subfield code="a">Un mapa de los mercados de la provincia de Teruel / </subfield>
    <subfield code="c">por J. M. Casas Torres y J[os&#xE9;] Vicente Arans Azlor.</subfield>
  </datafield>
  <datafield tag="260" ind1=" " ind2=" ">
    <subfield code="a">Zaragoza : </subfield>
    <subfield code="b">[s.n., </subfield>
    <subfield code="c">1945] (</subfield>
    <subfield code="f">Talls. Editoriales El Noticiero)</subfield>
  </datafield>
  <datafield tag="300" ind1=" " ind2=" ">
    <subfield code="a">19 h., 3 l&#xE1;m., 2 map. pleg. ; </subfield>
    <subfield code="c">25 cm.</subfield>
  </datafield>
  <datafield tag="500" ind1=" " ind2=" ">
    <subfield code="a">Precede al t&#xED;t.: Consejo Superior de Investigaciones Cient&#xED;ficas, Instituto "Juan Sebasti&#xE1;n Elcano"</subfield>
  </datafield>
  <datafield tag="595" ind1=" " ind2=" ">
    <subfield code="a">Separata de: Estudios geogr&#xE1;ficos, A&#xF1;o VI, n. 20-21.</subfield>
  </datafield>
  <datafield tag="650" ind1=" " ind2="4">
    <subfield code="a">Mercados-</subfield>
    <subfield code="z">Teruel (Provincia)</subfield>
    <subfield code="9">169504</subfield>
  </datafield>
  <datafield tag="700" ind1="1" ind2=" ">
    <subfield code="a">Arans Azlor, Vicente.</subfield>
    <subfield code="9">22325</subfield>
  </datafield>
  <datafield tag="710" ind1="2" ind2=" ">
    <subfield code="a">Instituto "Juan Sebasti&#xE1;n Elcano"</subfield>
    <subfield code="9">5113</subfield>
  </datafield>
  <datafield tag="852" ind1=" " ind2=" ">
    <subfield code="a">ES-MaACL</subfield>
    <subfield code="j">1862-F-18</subfield>
  </datafield>
  <datafield tag="999" ind1=" " ind2=" ">
    <subfield code="c">42033</subfield>
    <subfield code="d">42033</subfield>
  </datafield>
  <datafield tag="952" ind1=" " ind2=" ">
    <subfield code="0">0</subfield>
    <subfield code="1">0</subfield>
    <subfield code="4">0</subfield>
    <subfield code="7">0</subfield>
    <subfield code="8">Colecci&#xF3;n_de_folletos</subfield>
    <subfield code="a">ATENEOM</subfield>
    <subfield code="b">ATENEOM</subfield>
    <subfield code="c">DEPOF</subfield>
    <subfield code="d">2008-01-17</subfield>
    <subfield code="e">SC</subfield>
    <subfield code="l">0</subfield>
    <subfield code="o">1862-F-18</subfield>
    <subfield code="p">1044244</subfield>
    <subfield code="r">2023-02-23 00:00:00</subfield>
    <subfield code="w">2023-02-23</subfield>
    <subfield code="y">FOLLETOS</subfield>
  </datafield>
</record>
